Ruce pryč od "supereura"

Autori o mylnom pohľade európskych politikov na spoločnú menu. Nevyhnutnosť venovať sa skutočným problémom: nízkej produktivite, nepružnosti trhov, fiškálnej politike a bankrotujúcemu penzijnému systému.

Uložené v:
Podrobná bibliografia
Hlavný autor: Alesina, Alberto
Ďalší autori: Giavazzi, Francesco
Médium: Kapitola
Jazyk:Czech
Predmet:
Tagy: Pridať tag
Žiadne tagy, Buďte prvý, kto otaguje tento záznam!

MARC

LEADER 00000naa a2200000 4500
001 r049029
005 20231004071125.7
041 0 |a cze 
044 |a CZ 
245 1 0 |a Ruce pryč od "supereura"  |c Alberto Alesina, Francesco Giavazzi 
520 |a Autori o mylnom pohľade európskych politikov na spoločnú menu. Nevyhnutnosť venovať sa skutočným problémom: nízkej produktivite, nepružnosti trhov, fiškálnej politike a bankrotujúcemu penzijnému systému. 
610 2 0 |a politika menová 
610 2 0 |a euro 
610 2 0 |a produktivita práce 
610 2 0 |a politika fiškálna 
610 2 0 |a Európska únia 
100 1 |a Alesina, Alberto 
700 1 |a Giavazzi, Francesco